Análisis de reemplazo del horno artesanal por un horno eléctrico semi-industrial en Panadería Doña Reyna, ubicada en Ciudad Rama
Presenta un análisis para el reemplazo de un horno artesanal por un horno eléctrico semi-industrial en la panadería Doña Reyna, ubicada en Ciudad El Rama, se determina el estudio técnico del proyecto es la ubicación donde se localiza el nuevo horno semi-industrial, así como su capacidad que t...
| Main Authors: | , |
|---|---|
| Other Authors: | |
| Format: | Tesis Section = Libro |
| Language: | Undetermined Spanish |
| Published: |
Managua
UNI
2014
|
| Subjects: |
| LEADER | 01361nam a2200277Ia 4500 | ||
|---|---|---|---|
| 008 | 240830s9999 xx 000 0 und d | ||
| 040 | |a BIBLIOTECA-RUPAP Mon 658.404 U73 | ||
| 041 | |a spa | ||
| 082 | |a Mon 658.404 U73 | ||
| 100 | 1 | |a Urbina Sequeira, Yolanda de los Ángeles | |
| 100 | 1 | |b Meza Toruño, Pedro Rafael | |
| 245 | 1 | 0 | |a Análisis de reemplazo del horno artesanal por un horno eléctrico semi-industrial en Panadería Doña Reyna, ubicada en Ciudad Rama |
| 260 | |a Managua |b UNI |c 2014 | ||
| 300 | |a 132 p. :il. | ||
| 500 | |a Contiene: anexos y CD. | ||
| 502 | |a Tesis (Ingeniero Industrial)- UNI, 2014. | ||
| 520 | 3 | |a Presenta un análisis para el reemplazo de un horno artesanal por un horno eléctrico semi-industrial en la panadería Doña Reyna, ubicada en Ciudad El Rama, se determina el estudio técnico del proyecto es la ubicación donde se localiza el nuevo horno semi-industrial, así como su capacidad que tiene el horno y además se hizo el evalúo financiero donde se determina la viabilidad del reemplazo del horno. | |
| 650 | 7 | |a PROYECTOS-ADMINISTRACION | |
| 650 | 7 | |b HORNO ELECTRICO-ASPECTOS ECONOMICOS | |
| 650 | 7 | |c MERCADEO-INVESTIGACION | |
| 650 | 7 | |d ANALISIS DE MERCADO | |
| 650 | 7 | |e ANALISIS FINANCIERO | |
| 700 | 1 | |a Tutor: |b López Artola, Fernando José | |
| 942 | |c BK |2 ddc | ||
| 991 | |a TESIS | ||
| 999 | |c 17416 | ||